Statystyki dla 10 Kolorów Po Angielsku (BARDZO ŁATWE)

Kliknij tutaj aby rozwiązać quiz!

Ogólne statystyki

  • Ten quiz został rozwiązany 526 razy
  • Średni wynik to 10 z 10

Statystyki odpowiedzi

HintOdpowiedź% Poprawnych
CzerwonyRed
100%
CzarnyBlack
99%
NiebieskiBlue
99%
ZielonyGreen
99%
PomarańczowyOrange
99%
ŻółtyYellow
99%
RóżowyPink
98%
BrązowyBrown
91%
FioletowyPurple
88%
SzaryGray
87%

Rozkład punktacji

Percentyl według liczby udzielonych odpowiedzi

Procent ludzi z każdym wynikiem

Twoja historia wyników

Nie rozwiązałeś tego quizu